[Event "Tradewise Gibraltar Chess Festival 2013"]
[Site "Gibraltar ENG"]
[Date "2013.01.25"]
[Round "4.16"]
[White "Sandipan, Chanda"]
[Black "Zhou, Yang-Fan"]
[Result "1-0"]
[WhiteElo "2590"]
[BlackElo "2439"]
[PlyCount "55"]
[EventDate "2013.01.22"]
[EventType "swiss"]
[EventRounds "10"]
[EventCountry "ENG"]
[Source "lmi"]
[SourceDate "2013.01.22"]

1. d4 Nf6 2. c4 g6 3. Nc3 Bg7 4. e4 O-O 5. f3 Nc6 6. d5 Nb4 7. Nh3 d6 8. Nf2
Na6 9. Be2 c6 10. O-O e6 11. Bg5 h6 12. Be3 exd5 13. exd5 cxd5 14. cxd5 Bf5 15.
Qd2 Kh7 16. g4 Bd7 17. f4 Re8 18. Bf3 Ng8 19. Rae1 b6 20. Nfe4 Bf8 21. f5 gxf5
22. gxf5 Nc5 23. Bxc5 bxc5 24. Bh5 Re5 25. Bxf7 Bxf5 26. Qg2 Ne7 27. Nf6+ Kh8
28. Rxe5 1-0

[Event "Tradewise Gibraltar Chess Festival 2013"]
[Site "Gibraltar ENG"]
[Date "2013.01.25"]
[Round "4.17"]
[White "Muzychuk, Anna"]
[Black "Melia, Salome"]
[Result "0-1"]
[WhiteElo "2582"]
[BlackElo "2403"]
[PlyCount "44"]
[EventDate "2013.01.22"]
[EventType "swiss"]
[EventRounds "10"]
[EventCountry "ENG"]
[Source "lmi"]
[SourceDate "2013.01.22"]

1. e4 c5 2. Nf3 d6 3. d4 Nf6 4. dxc5 Nxe4 5. cxd6 Nxd6 6. Nc3 Nc6 7. Bf4 Bf5 8.
Qd2 Qa5 9. O-O-O O-O-O 10. Qe3 e6 11. Nd4 Nb4 12. a3 Nc6 13. Be2 Be7 14. Bf3
Nc4 15. Qe2 Nxb2 16. Bxc6 Bxa3 17. Bxb7+ Kxb7 18. Qf3+ Ka6 19. Ncb5 Nd3+ 20.
Kb1 Qb4+ 21. Nb3 Qxb5 22. Ka2 Rc8 0-1

[Event "Tradewise Gibraltar Chess Festival 2013"]
[Site "Gibraltar ENG"]
[Date "2013.01.25"]
[Round "4.18"]
[White "Felgaer, Ruben"]
[Black "Arvola, Benjamin"]
[Result "1-0"]
[WhiteElo "2557"]
[BlackElo "2309"]
[PlyCount "93"]
[EventDate "2013.01.22"]
[EventType "swiss"]
[EventRounds "10"]
[EventCountry "ENG"]
[Source "lmi"]
[SourceDate "2013.01.22"]

1. e4 e5 2. Nf3 Nc6 3. Bb5 a6 4. Ba4 Nf6 5. O-O Be7 6. d3 d6 7. c3 O-O 8. Re1
Re8 9. Nbd2 Bf8 10. h3 b5 11. Bc2 d5 12. a4 Bb7 13. Qe2 b4 14. a5 Na7 15. Ba4
c6 16. Nb3 Nb5 17. c4 dxc4 18. dxc4 Nc7 19. c5 Ne6 20. Qc4 Nh5 21. Nxe5 Qf6 22.
Ng4 Qg6 23. Ne5 Qf6 24. Ng4 Qg6 25. e5 Rad8 26. Be3 Nc7 27. Nd2 Bc8 28. Bc2 Qe6
29. Qe4 g6 30. Bb3 Nd5 31. Qf3 Qe7 32. Ne4 Bxg4 33. hxg4 Qxe5 34. Bg5 Be7 35.
Bxe7 Rxe7 36. gxh5 Nf4 37. Nd6 Ne2+ 38. Rxe2 Qxe2 39. Qf6 Rdd7 40. hxg6 hxg6
41. Qxg6+ Kf8 42. Qh6+ Kg8 43. Nf5 Qxb2 44. Nxe7+ Rxe7 45. Qg5+ Kf8 46. Rd1
Qxb3 47. Rd8+ 1-0

[Event "Tradewise Gibraltar Chess Festival 2013"]
[Site "Gibraltar ENG"]
[Date "2013.01.25"]
[Round "4.19"]
[White "Teran Alvarez, Ismael"]
[Black "Maze, Sebastien"]
[Result "1-0"]
[WhiteElo "2399"]
[BlackElo "2546"]
[PlyCount "165"]
[EventDate "2013.01.22"]
[EventType "swiss"]
[EventRounds "10"]
[EventCountry "ENG"]
[Source "lmi"]
[SourceDate "2013.01.22"]

1. e4 c5 2. Nc3 Nc6 3. Bb5 Nd4 4. Nf3 g6 5. Bc4 Bg7 6. Nxd4 cxd4 7. Qf3 Nh6 8.
Ne2 O-O 9. O-O Ng4 10. Bb3 d6 11. Qg3 a5 12. a4 Kh8 13. h3 Nf6 14. d3 Nd7 15.
Qh4 Nc5 16. Bc4 Bd7 17. c3 dxc3 18. Nxc3 Nxa4 19. Nxa4 b5 20. Bd5 Ra6 21. Nc3
e6 22. Qxd8 Rxd8 23. Bb3 a4 24. Bd1 b4 25. Rxa4 Rb6 26. Nb1 Bxa4 27. Bxa4 b3
28. Nd2 Rdb8 29. Rd1 Rb4 30. Bxb3 Rxb3 31. Nxb3 Rxb3 32. d4 Rb4 33. Be3 Rxb2
34. Rc1 Rb8 35. Rc7 Kg8 36. Rd7 Bf8 37. g4 e5 38. d5 Rb4 39. f3 h6 40. Rd8 g5
41. h4 Rb1+ 42. Kg2 Rb2+ 43. Kg3 f6 44. hxg5 hxg5 45. Rd7 Kh8 46. Ra7 Kg8 47.
Bc1 Rc2 48. Be3 Rb2 49. Rc7 Kh8 50. Bc1 Ra2 51. Rb7 Re2 52. Rf7 Bg7 53. Rd7 Bf8
54. Ba3 Kg8 55. Bxd6 Bxd6 56. Rxd6 Kf7 57. Rd7+ Ke8 58. Rh7 Ra2 59. Rh8+ Ke7
60. Rh7+ Ke8 61. Rh2 Ra3 62. Rc2 Ke7 63. Kf2 Rb3 64. Ke2 Ra3 65. Rd2 Rb3 66.
Rd3 Rb2+ 67. Ke3 Rb4 68. Ra3 Rd4 69. Rd3 Ra4 70. Kd2 Ra2+ 71. Kc3 Ra8 72. Kb2
Rh8 73. Rc3 Rh2+ 74. Kb3 Rd2 75. Kb4 Kd7 76. Ra3 Rb2+ 77. Kc4 Rc2+ 78. Rc3 Rf2
79. Kc5 Rf1 80. Rb3 Rc1+ 81. Kb6 Kc8 82. Ra3 Kb8 83. Ra5 1-0

[Event "Tradewise Gibraltar Chess Festival 2013"]
[Site "Gibraltar ENG"]
[Date "2013.01.25"]
[Round "4.20"]
[White "Fenollar Jorda, Manuel"]
[Black "Ibarra Jerez, Jose Carlos"]
[Result "0-1"]
[WhiteElo "2325"]
[BlackElo "2538"]
[PlyCount "106"]
[EventDate "2013.01.22"]
[EventType "swiss"]
[EventRounds "10"]
[EventCountry "ENG"]
[Source "lmi"]
[SourceDate "2013.01.22"]

1. d4 d6 2. Nf3 Bg4 3. c4 Nd7 4. d5 e5 5. e4 Nc5 6. Nc3 Nf6 7. Bd3 a5 8. Be3
Nfd7 9. Bc2 Be7 10. h3 Bxf3 11. Qxf3 Bg5 12. O-O Bxe3 13. Qxe3 O-O 14. b3 c6
15. a3 cxd5 16. cxd5 Qb6 17. Rab1 Rfc8 18. Rfc1 Kf8 19. Bd3 Nxd3 20. Qxd3 Qc5
21. Nb5 Qb6 22. Nc3 Nc5 23. Qe3 Qa6 24. b4 axb4 25. axb4 Nd7 26. Ne2 Qb6 27.
Qg5 Rxc1+ 28. Rxc1 h6 29. Qd2 Nf6 30. Ng3 Qd8 31. Qc2 Ne8 32. Qd2 Qg5 33. Qc3
g6 34. Ra1 Rxa1+ 35. Qxa1 Qd2 36. b5 Qb4 37. Qf1 h5 38. h4 Qc5 39. Qd3 Nc7 40.
Qd2 Qxb5 41. f4 Qb6+ 42. Kh2 exf4 43. Qxf4 Ne8 44. Nh1 Qd4 45. Nf2 Ke7 46. Kg3
Nf6 47. Qc1 b5 48. Kf3 Nd7 49. Ke2 Nc5 50. Qb1 b4 51. Kf3 Qc3+ 52. Kf4 b3 53.
Nd1 Qc2 0-1

[Event "Tradewise Gibraltar Chess Festival 2013"]
[Site "Gibraltar ENG"]
[Date "2013.01.25"]
[Round "4.21"]
[White "Gordon, Stephen J"]
[Black "Villuendas Valero, Adrian"]
[Result "1-0"]
[WhiteElo "2533"]
[BlackElo "2301"]
[PlyCount "167"]
[EventDate "2013.01.22"]
[EventType "swiss"]
[EventRounds "10"]
[EventCountry "ENG"]
[Source "lmi"]
[SourceDate "2013.01.22"]

1. d4 d5 2. Nf3 Nf6 3. c4 dxc4 4. e3 Be6 5. Nc3 h6 6. Be2 c6 7. Ne5 Nbd7 8.
Nxc4 Bxc4 9. Bxc4 e6 10. O-O b5 11. Be2 b4 12. Na4 Qc7 13. Qc2 Bd6 14. g3 c5
15. dxc5 Nxc5 16. Bd2 O-O 17. Rfc1 Rfc8 18. Nxc5 Qxc5 19. Qxc5 Rxc5 20. Rxc5
Bxc5 21. Rc1 Rd8 22. Be1 Bd6 23. Ba6 Kf8 24. Kf1 Ke7 25. Ke2 Rb8 26. Rc8 b3 27.
axb3 Rxb3 28. Bc3 e5 29. Bc4 Rb8 30. Rxb8 Bxb8 31. Bb4+ Bd6 32. Bxd6+ Kxd6 33.
Bxf7 e4 34. h3 Nd7 35. Bc4 Nc5 36. Kd2 Na4 37. Kc2 a5 38. Bb5 Nb6 39. Ba6 Nd7
40. Bb7 Nf6 41. Kb3 Nd7 42. Kc3 Nc5 43. Ba8 Na4+ 44. Kb3 Nc5+ 45. Kc2 Ke5 46.
Bc6 Kd6 47. Bb5 Ke5 48. Kc3 Kd5 49. Bc4+ Ke5 50. Bg8 Na4+ 51. Kb3 Nb6 52. Kc3
Na4+ 53. Kc2 Nc5 54. b3 Nd7 55. Kc3 Nb6 56. Bc4 Nd7 57. Bf7 Nb6 58. Bg8 g6 59.
Bf7 g5 60. Bg8 a4 61. b4 Kd6 62. Kd4 Nd7 63. Ba2 Nf6 64. Bc4 h5 65. Ba2 h4 66.
gxh4 gxh4 67. Bc4 a3 68. Kc3 Nh7 69. Kb3 Ng5 70. Bf1 a2 71. Kxa2 Nf3 72. Kb2
Kd5 73. Kc3 Ne5 74. Be2 Nd7 75. Bc4+ Ke5 76. b5 Nc5 77. Be2 Kd5 78. Kb4 Nd7 79.
Bc4+ Kd6 80. Bb3 Nc5 81. Bc2 Kd5 82. b6 Kc6 83. b7 Kd5 84. Bxe4+ 1-0

[Event "Tradewise Gibraltar Chess Festival 2013"]
[Site "Gibraltar ENG"]
[Date "2013.01.25"]
[Round "4.22"]
[White "Wojtaszek, Radoslaw"]
[Black "Karavade, Eesha"]
[Result "1-0"]
[WhiteElo "2723"]
[BlackElo "2391"]
[PlyCount "71"]
[EventDate "2013.01.22"]
[EventType "swiss"]
[EventRounds "10"]
[EventCountry "ENG"]
[Source "lmi"]
[SourceDate "2013.01.22"]

1. c4 c5 2. Nf3 Nf6 3. d4 cxd4 4. Nxd4 b6 5. Nc3 Bb7 6. f3 d6 7. e4 e6 8. Be3
Be7 9. Be2 O-O 10. O-O a6 11. Qd2 Nbd7 12. Rfd1 Rc8 13. Rac1 Qc7 14. Kh1 Qb8
15. Bf1 Bd8 16. Rc2 Bc7 17. Bg1 Kh8 18. b4 Rg8 19. Na4 g5 20. c5 dxc5 21. bxc5
Bf4 22. Qb4 bxc5 23. Nxc5 Rxc5 24. Rxc5 g4 25. Rc2 gxf3 26. Nxf3 Bxe4 27. Qxb8
Rxb8 28. Rc4 Rb7 29. Re1 Bxf3 30. Rxf4 Bd5 31. Bd4 Kg7 32. Re3 e5 33. Bxe5 Nxe5
34. Rxe5 Bxa2 35. Rg5+ Kh6 36. Ra5 1-0

[Event "Tradewise Gibraltar Chess Festival 2013"]
[Site "Gibraltar ENG"]
[Date "2013.01.25"]
[Round "4.23"]
[White "Wemmers, Xander"]
[Black "Shirov, Alexei"]
[Result "0-1"]
[WhiteElo "2349"]
[BlackElo "2708"]
[PlyCount "106"]
[EventDate "2013.01.22"]
[EventType "swiss"]
[EventRounds "10"]
[EventCountry "ENG"]
[Source "lmi"]
[SourceDate "2013.01.22"]

1. d4 Nf6 2. c4 e6 3. Nf3 b6 4. Nc3 Bb7 5. Bg5 h6 6. Bh4 Be7 7. Qc2 c5 8. dxc5
bxc5 9. e3 O-O 10. Be2 d6 11. Rd1 Nbd7 12. O-O Qb6 13. Rd2 Rfd8 14. Rfd1 Nf8
15. h3 Rd7 16. Ne1 Ng6 17. Bg3 Rad8 18. Bf3 d5 19. b3 Qa5 20. Na4 dxc4 21. Rxd7
Rxd7 22. Bxb7 cxb3 23. axb3 Rxb7 24. Nd3 Rd7 25. Rc1 Ne4 26. Ndxc5 Nxc5 27.
Nxc5 Rd2 28. Qc3 Qxc3 29. Rxc3 e5 30. b4 f5 31. f3 Bh4 32. Bxh4 Nxh4 33. Ra3
Rxg2+ 34. Kf1 Rb2 35. Rxa7 Nxf3 36. Ne6 g5 37. Rg7+ Kh8 38. Rg6 g4 39. hxg4
fxg4 40. Rxh6+ Kg8 41. Rf6 Nh4 42. Rf8+ Kh7 43. Rf7+ Kg6 44. Rg7+ Kf6 45. Rh7
Nf5 46. Nc5 Nxe3+ 47. Ke1 g3 48. Nd7+ Kf5 49. Rf7+ Ke6 50. Rg7 g2 51. Nc5+ Kf5
52. Rg8 Ng4 53. Rf8+ Nf6 0-1

[Event "Tradewise Gibraltar Chess Festival 2013"]
[Site "Gibraltar ENG"]
[Date "2013.01.25"]
[Round "4.24"]
[White "Godard, Maxence"]
[Black "Short, Nigel D"]
[Result "0-1"]
[WhiteElo "2340"]
[BlackElo "2690"]
[PlyCount "85"]
[EventDate "2013.01.22"]
[EventType "swiss"]
[EventRounds "10"]
[EventCountry "ENG"]
[Source "lmi"]
[SourceDate "2013.01.22"]

1. d4 Nf6 2. c4 c5 3. d5 b5 4. cxb5 a6 5. bxa6 g6 6. Nc3 Bxa6 7. g3 d6 8. Bg2
Nbd7 9. Nf3 Bg7 10. O-O Nb6 11. Re1 O-O 12. Nh4 Nfd7 13. Qc2 Nc4 14. Nf3 Qa5
15. Nd2 Na3 16. Qd1 Rfb8 17. Nb3 Qd8 18. Qd2 Nb5 19. Qc2 c4 20. Nd2 Nxc3 21.
bxc3 Qa5 22. Nb1 Nc5 23. a4 Bb5 24. Ra3 Bxa4 25. Qa2 Rb3 26. Be3 Rxa3 27. Qxa3
Nb3 28. Qb2 Bd7 29. Bg5 Qa1 30. Qxa1 Rxa1 31. Rf1 f6 32. Bf4 Ra2 33. e4 f5 34.
Bg5 Kf7 35. Bh3 Nc5 36. exf5 gxf5 37. Nd2 Kg6 38. Be3 f4 39. Bxd7 fxe3 40. Be8+
Kh6 41. Nf3 e2 42. Rb1 Nd3 43. Bb5 0-1

[Event "Tradewise Gibraltar Chess Festival 2013"]
[Site "Gibraltar ENG"]
[Date "2013.01.25"]
[Round "4.25"]
[White "Bartel, Mateusz"]
[Black "Aloma Vidal, Robert"]
[Result "1/2-1/2"]
[WhiteElo "2629"]
[BlackElo "2389"]
[PlyCount "161"]
[EventDate "2013.01.22"]
[EventType "swiss"]
[EventRounds "10"]
[EventCountry "ENG"]
[Source "lmi"]
[SourceDate "2013.01.22"]

1. d4 Nf6 2. c4 g6 3. Nc3 Bg7 4. e4 d6 5. Nf3 O-O 6. Be2 e5 7. O-O Nc6 8. d5
Ne7 9. b4 Ne8 10. Ba3 f5 11. Ng5 Nf6 12. Bf3 fxe4 13. Ncxe4 Nf5 14. Ne6 Bxe6
15. dxe6 c6 16. b5 Nxe4 17. Bxe4 Nd4 18. bxc6 bxc6 19. Bb2 Rf4 20. Qd3 d5 21.
cxd5 cxd5 22. e7 Qd7 23. Bxd4 Rxe4 24. Be3 Rb4 25. Rac1 Re8 26. Bc5 e4 27. Qa3
Rb7 28. Qa6 Kf7 29. f3 e3 30. Qd3 Bf6 31. Rfd1 Bxe7 32. Bxe3 Bf6 33. Bf2 Rb2
34. Rc2 Rxc2 35. Qxc2 Rb8 36. Bd4 Bxd4+ 37. Rxd4 Qe7 38. Kf2 Re8 39. Qd2 Qc5
40. g4 Re6 41. Kg3 Qd6+ 42. Kg2 Re5 43. f4 Re7 44. Rxd5 Qc6 45. Kg3 Qb6 46. Rd7
Rxd7 47. Qxd7+ Kg8 48. Qe8+ Kg7 49. Qe1 h6 50. h4 a5 51. h5 gxh5 52. gxh5 a4
53. Kg4 Kf7 54. Qe2 Qg1+ 55. Kh3 Qh1+ 56. Kg3 Qd5 57. a3 Qb3+ 58. Qf3 Kf6 59.
Kg4 Qg8+ 60. Kh4 Kf5 61. Qg3 Qd8+ 62. Kh3 Ke4 63. Qg6+ Kxf4 64. Qxh6+ Qg5 65.
Qd6+ Kf5 66. Qf8+ Qf6 67. Qb4 Qg5 68. Qb5+ Kf6 69. Qa6+ Kf5 70. Qf1+ Ke6 71.
Qe2+ Kf6 72. Qa6+ Kf5 73. Qc8+ Kf4 74. Qc7+ Kf5 75. Qf7+ Qf6 76. Qd5+ Kf4 77.
Qc4+ Ke5 78. Qxa4 Qf3+ 79. Kh4 Qf2+ 80. Kg5 Qf5+ 81. Kh4 1/2-1/2

[Event "Tradewise Gibraltar Chess Festival 2013"]
[Site "Gibraltar ENG"]
[Date "2013.01.25"]
[Round "4.26"]
[White "Dittmar, Peter"]
[Black "Vazquez Igarza, Renier"]
[Result "1-0"]
[WhiteElo "2330"]
[BlackElo "2565"]
[PlyCount "79"]
[EventDate "2013.01.22"]
[EventType "swiss"]
[EventRounds "10"]
[EventCountry "ENG"]
[Source "lmi"]
[SourceDate "2013.01.22"]

1. d4 Nf6 2. c4 e6 3. Nc3 Bb4 4. e3 O-O 5. Nge2 d5 6. a3 Be7 7. cxd5 exd5 8.
Nf4 c6 9. Bd3 Re8 10. O-O Nbd7 11. b4 Nf8 12. b5 Bd6 13. bxc6 bxc6 14. Qc2 Ng6
15. Nce2 Bd7 16. Bd2 Ne4 17. Nxg6 hxg6 18. Ng3 Qh4 19. Bb4 Bc7 20. Rfb1 Nf6 21.
Nf1 Ng4 22. g3 Qh3 23. Be1 Rac8 24. Rb7 c5 25. Rxa7 cxd4 26. Rxc7 Ne5 27. Rxc8
Rxc8 28. Qd1 Bg4 29. Be2 Bxe2 30. Qxe2 d3 31. Qd1 Rc2 32. Bd2 g5 33. f4 Ng4 34.
Rb1 d4 35. exd4 gxf4 36. gxf4 Rc6 37. f5 g6 38. Qe1 Rf6 39. Rb8+ Kg7 40. Qe8
1-0

[Event "Tradewise Gibraltar Chess Festival 2013"]
[Site "Gibraltar ENG"]
[Date "2013.01.25"]
[Round "4.27"]
[White "Zhao, Xue"]
[Black "Georgiadis, Nico"]
[Result "1/2-1/2"]
[WhiteElo "2554"]
[BlackElo "2369"]
[PlyCount "88"]
[EventDate "2013.01.22"]
[EventType "swiss"]
[EventRounds "10"]
[EventCountry "ENG"]
[Source "lmi"]
[SourceDate "2013.01.22"]

1. d4 d5 2. c4 e6 3. Nf3 c5 4. cxd5 exd5 5. Nc3 Nc6 6. g3 Nf6 7. Bg2 Be7 8. O-O
O-O 9. dxc5 Bxc5 10. a3 Bf5 11. b4 Be7 12. Nd4 Bg6 13. Be3 a5 14. b5 Ne5 15.
Qb3 Nc4 16. Bg5 Nb6 17. Rad1 a4 18. Qa2 Qd6 19. Bxf6 Bxf6 20. Nxd5 Nxd5 21.
Bxd5 Qb6 22. e3 Rfd8 23. Rd2 Rd7 24. Qc4 Rc7 25. Qe2 Rd8 26. Bg2 Rc3 27. Rfd1
h6 28. h4 Bxd4 29. Rxd4 Rxd4 30. exd4 h5 31. Bd5 Kh7 32. Qe8 Qd6 33. Bxb7 Qxa3
34. Kg2 Qb2 35. Be4 a3 36. Qe5 Bxe4+ 37. Qxe4+ g6 38. Qd5 Kg7 39. Re1 Rc2 40.
Qe5+ Kg8 41. Qe8+ Kg7 42. Qe5+ Kg8 43. Qb8+ Kg7 44. Qe5+ Kg8 1/2-1/2

[Event "Tradewise Gibraltar Chess Festival 2013"]
[Site "Gibraltar ENG"]
[Date "2013.01.25"]
[Round "4.28"]
[White "Salem, A.R. Saleh"]
[Black "Ortega Ruiz, Jose Miguel"]
[Result "1/2-1/2"]
[WhiteElo "2538"]
[BlackElo "2349"]
[PlyCount "91"]
[EventDate "2013.01.22"]
[EventType "swiss"]
[EventRounds "10"]
[EventCountry "ENG"]
[Source "lmi"]
[SourceDate "2013.01.22"]

1. d4 d5 2. c4 c6 3. Nc3 Nf6 4. Nf3 e6 5. Bg5 Nbd7 6. e3 Qa5 7. cxd5 Nxd5 8.
Qd2 Bb4 9. Rc1 O-O 10. Bd3 e5 11. a3 Bd6 12. Nxd5 Qxd5 13. e4 Qe6 14. O-O h6
15. d5 Qg6 16. Be3 cxd5 17. Bb1 Nf6 18. exd5 e4 19. Bf4 Rd8 20. Rfe1 Bg4 21.
Bxd6 Rxd6 22. Ne5 Qf5 23. Nxg4 Qxg4 24. h3 Qd7 25. Bxe4 Nxe4 26. Rxe4 Rxd5 27.
Qe1 Rg5 28. h4 Rg6 29. Re7 Qd4 30. Qe4 Qxb2 31. Rb1 Qa2 32. Rbxb7 Rf6 33. Qe3
Rd8 34. Re8+ Rxe8 35. Qxe8+ Kh7 36. Qe4+ g6 37. Qd4 Qe6 38. g3 a6 39. Ra7 h5
40. a4 Kg7 41. Rd7 Qb6 42. Qxb6 Rxb6 43. Ra7 Kf6 44. a5 Rd6 45. Kg2 Ke5 46.
Rxf7 1/2-1/2

[Event "Tradewise Gibraltar Chess Festival 2013"]
[Site "Gibraltar ENG"]
[Date "2013.01.25"]
[Round "4.29"]
[White "Forsaa, Espen"]
[Black "Cramling, Pia"]
[Result "0-1"]
[WhiteElo "2305"]
[BlackElo "2518"]
[PlyCount "80"]
[EventDate "2013.01.22"]
[EventType "swiss"]
[EventRounds "10"]
[EventCountry "ENG"]
[Source "lmi"]
[SourceDate "2013.01.22"]

1. d4 Nf6 2. c4 e6 3. Nc3 Bb4 4. e3 O-O 5. Nge2 d5 6. a3 Be7 7. cxd5 exd5 8. b4
c6 9. Ng3 Be6 10. Bd3 Nbd7 11. O-O b5 12. f3 Nb6 13. Nf5 Bxf5 14. Bxf5 Nc4 15.
Qd3 g6 16. Bh3 a5 17. Rb1 axb4 18. axb4 Qb6 19. Kh1 Rfd8 20. Rd1 Bd6 21. Qe2
Bf8 22. Qd3 Bh6 23. Re1 Bg7 24. Rd1 Re8 25. e4 dxe4 26. fxe4 Rad8 27. Be3 Nxe3
28. Qxe3 Nd5 29. Qf3 Nxc3 30. Qxc3 Rxe4 31. Qc5 Qb7 32. Rbc1 Rdxd4 33. Rxd4
Bxd4 34. Qd6 Bb2 35. Rd1 Qb6 36. Qd2 Rd4 37. Qe1 Rxd1 38. Qxd1 Bc3 39. Bd7 Bxb4
40. h3 Qc7 0-1

[Event "Tradewise Gibraltar Chess Festival 2013"]
[Site "Gibraltar ENG"]
[Date "2013.01.25"]
[Round "4.30"]
[White "Kanep, Meelis"]
[Black "Kantorik, Marian"]
[Result "1-0"]
[WhiteElo "2512"]
[BlackElo "2331"]
[PlyCount "43"]
[EventDate "2013.01.22"]
[EventType "swiss"]
[EventRounds "10"]
[EventCountry "ENG"]
[Source "lmi"]
[SourceDate "2013.01.22"]

1. d4 Nf6 2. c4 e6 3. Nf3 d5 4. Nc3 c5 5. cxd5 Nxd5 6. e4 Nxc3 7. bxc3 cxd4 8.
cxd4 Bb4+ 9. Bd2 Bxd2+ 10. Qxd2 O-O 11. Bc4 b6 12. O-O Bb7 13. Rfe1 Nc6 14.
Rad1 Rc8 15. d5 exd5 16. Bxd5 Qe7 17. Qf4 Qc7 18. Qg4 Kh8 19. Ng5 Ne5 20. Qf5
Ng6 21. Nxf7+ Kg8 22. Bb3 1-0

[Event "Tradewise Gibraltar Chess Festival 2013"]
[Site "Gibraltar ENG"]
[Date "2013.01.25"]
[Round "4.31"]
[White "Ju, Wenjun"]
[Black "Vyparina, Matej"]
[Result "1/2-1/2"]
[WhiteElo "2505"]
[BlackElo "2305"]
[PlyCount "60"]
[EventDate "2013.01.22"]
[EventType "swiss"]
[EventRounds "10"]
[EventCountry "ENG"]
[Source "lmi"]
[SourceDate "2013.01.22"]

1. d4 Nf6 2. c4 c5 3. d5 d6 4. Nc3 g6 5. g3 Bg7 6. Bg2 O-O 7. Nf3 e6 8. O-O
exd5 9. cxd5 Na6 10. e4 Nc7 11. h3 Rb8 12. a4 b6 13. e5 Nfe8 14. Bf4 f6 15. e6
a6 16. Re1 Qe7 17. Nd2 b5 18. axb5 axb5 19. Nb3 g5 20. Be3 f5 21. Ra7 b4 22.
Na5 Qf6 23. Nc6 Rb7 24. Na4 f4 25. Bc1 Rxa7 26. Nxa7 Bb7 27. Nc6 Bxc6 28. dxc6
fxg3 29. fxg3 Qf2+ 30. Kh2 Be5 1/2-1/2

[Event "Tradewise Gibraltar Chess Festival 2013"]
[Site "Gibraltar ENG"]
[Date "2013.01.25"]
[Round "4.32"]
[White "De Haan, Eric"]
[Black "Gallagher, Joseph G"]
[Result "1/2-1/2"]
[WhiteElo "2303"]
[BlackElo "2499"]
[PlyCount "98"]
[EventDate "2013.01.22"]
[EventType "swiss"]
[EventRounds "10"]
[EventCountry "ENG"]
[Source "lmi"]
[SourceDate "2013.01.22"]

1. d4 Nf6 2. c4 g6 3. Nc3 Bg7 4. e4 d6 5. f3 O-O 6. Be3 c6 7. Nge2 a6 8. c5 b5
9. cxb6 Qxb6 10. Na4 Qa5+ 11. Nec3 Nbd7 12. Be2 Rb8 13. O-O c5 14. dxc5 dxc5
15. Rc1 Bb7 16. b3 Rfc8 17. Qe1 Bc6 18. Bd2 Ra8 19. Nd5 Qd8 20. Ba5 Qf8 21.
Ndb6 Bxa4 22. Nxc8 Qxc8 23. bxa4 Qc6 24. Qd1 Bh6 25. Rb1 Be3+ 26. Kh1 Bd4 27.
Qb3 Rb8 28. Qc4 Ra8 29. Rfc1 Qd6 30. Rb7 Qf4 31. g3 Qh6 32. Qc2 Nh5 33. Kg2 Ne5
34. Bd2 g5 35. Rcb1 Qf6 36. Rf1 Ng7 37. Qb3 Ne6 38. Rb8+ Rxb8 39. Qxb8+ Kg7 40.
Qa8 h5 41. Qxa6 Qg6 42. Qb7 h4 43. Qxe7 c4 44. Rc1 hxg3 45. hxg3 c3 46. Bxc3
Nf4+ 47. gxf4 gxf4+ 48. Kh1 Qh5+ 49. Kg2 Qg6+ 1/2-1/2

[Event "Tradewise Gibraltar Chess Festival 2013"]
[Site "Gibraltar ENG"]
[Date "2013.01.25"]
[Round "4.37"]
[White "Tischbierek, Raj"]
[Black "Diaz Velandia, Jose Manuel"]
[Result "1-0"]
[WhiteElo "2472"]
[BlackElo "2271"]
[PlyCount "71"]
[EventDate "2013.01.22"]
[EventType "swiss"]
[EventRounds "10"]
[EventCountry "ENG"]
[Source "lmi"]
[SourceDate "2013.01.22"]

1. e4 d6 2. d4 Nd7 3. Nc3 e5 4. Nge2 c6 5. a4 Ngf6 6. g3 h5 7. h3 Be7 8. Bg2
Nh7 9. f4 g5 10. fxe5 dxe5 11. Be3 Qb6 12. a5 Qc7 13. d5 Bb4 14. a6 bxa6 15.
O-O h4 16. Qd3 Bc5 17. dxc6 Qxc6 18. Nd5 Nb6 19. Rf2 Be6 20. Qc3 Rc8 21. Qxe5
Rg8 22. Bxc5 Qxc5 23. b4 Nd7 24. Qxe6+ fxe6 25. bxc5 exd5 26. exd5 Rxc5 27. Nd4
Nhf6 28. g4 a5 29. Ne6 Rc4 30. Rxa5 Ke7 31. Re2 Kf7 32. d6 Rgc8 33. Rxg5 Rg8
34. Rf5 Rgc8 35. Bd5 Rc3 36. Nc5+ 1-0

[Event "Tradewise Gibraltar Chess Festival 2013"]
[Site "Gibraltar ENG"]
[Date "2013.01.25"]
[Round "4.39"]
[White "Amato, Andrea"]
[Black "Kurmann, Oliver"]
[Result "1-0"]
[WhiteElo "2259"]
[BlackElo "2456"]
[PlyCount "77"]
[EventDate "2013.01.22"]
[EventType "swiss"]
[EventRounds "10"]
[EventCountry "ENG"]
[Source "lmi"]
[SourceDate "2013.01.22"]

1. Nf3 Nf6 2. c4 e6 3. g3 a6 4. Bg2 b5 5. cxb5 axb5 6. Nd4 c6 7. Nxb5 cxb5 8.
Bxa8 d5 9. Qc2 Bd7 10. a4 Qa5 11. Bb7 b4 12. O-O Qa7 13. Bc8 Bc6 14. a5 Bd6 15.
a6 O-O 16. d3 d4 17. Na3 bxa3 18. Bb7 Bxb7 19. axb7 Qxb7 20. bxa3 Nc6 21. Bd2
Ra8 22. Rfb1 Qc7 23. Rc1 Ra6 24. Qc4 Qa7 25. a4 Nd5 26. a5 h5 27. Qb5 Qa8 28.
Ra4 h4 29. Rac4 Nde7 30. Qg5 hxg3 31. hxg3 e5 32. Qg4 f5 33. Qh5 Nxa5 34. Rc8+
Nxc8 35. Qe8+ Bf8 36. Rxc8 Qd5 37. Qxf8+ Kh7 38. Qxf5+ Rg6 39. Qh5+ 1-0

[Event "Tradewise Gibraltar Chess Festival 2013"]
[Site "Gibraltar ENG"]
[Date "2013.01.25"]
[Round "4.40"]
[White "Cernousek, Lukas"]
[Black "Adrian, Claude"]
[Result "1-0"]
[WhiteElo "2453"]
[BlackElo "2260"]
[PlyCount "87"]
[EventDate "2013.01.22"]
[EventType "swiss"]
[EventRounds "10"]
[EventCountry "ENG"]
[Source "lmi"]
[SourceDate "2013.01.22"]

1. d4 Nf6 2. c4 c5 3. d5 b5 4. cxb5 a6 5. bxa6 g6 6. Nc3 Bxa6 7. Nf3 d6 8. g3
Bg7 9. Bg2 Nbd7 10. Rb1 Qa5 11. Bd2 O-O 12. O-O Rfb8 13. a4 Qc7 14. b3 Rb6 15.
Qc2 Rab8 16. Rfc1 Qb7 17. e4 Ng4 18. Bf1 Bxf1 19. Kxf1 Rxb3 20. h3 Nge5 21.
Nxe5 Nxe5 22. Nb5 Rxb1 23. Rxb1 f5 24. Kg2 Qd7 25. Bc3 Rf8 26. f4 Nc4 27. Qe2
Bxc3 28. Nxc3 Na5 29. Qa6 g5 30. Qxa5 gxf4 31. Qb5 f3+ 32. Kh2 Qa7 33. Qb6 Qxb6
34. Rxb6 fxe4 35. Kg1 e3 36. a5 Kf7 37. a6 Ra8 38. Kf1 Kf6 39. Nb5 Ke5 40. a7
Rg8 41. g4 Ra8 42. Ra6 h5 43. g5 Kf4 44. Nc7 1-0

[Event "Tradewise Gibraltar Chess Festival 2013"]
[Site "Gibraltar ENG"]
[Date "2013.01.25"]
[Round "4.41"]
[White "Akesson, Ralf"]
[Black "Olhovik, Andrei"]
[Result "1-0"]
[WhiteElo "2441"]
[BlackElo "2246"]
[PlyCount "115"]
[EventDate "2013.01.22"]
[EventType "swiss"]
[EventRounds "10"]
[EventCountry "ENG"]
[Source "lmi"]
[SourceDate "2013.01.22"]

1. Nf3 c5 2. c4 g6 3. d4 cxd4 4. Nxd4 Nc6 5. e4 Bg7 6. Be3 Nf6 7. Nc3 O-O 8.
Be2 b6 9. Qd2 Bb7 10. f3 Qb8 11. O-O Rd8 12. Rad1 d6 13. Rfe1 Rd7 14. Bf1 Qf8
15. a3 Rad8 16. Nxc6 Bxc6 17. b4 e6 18. Bd4 Ne8 19. Bxg7 Qxg7 20. Qe3 Nc7 21.
Rd2 d5 22. exd5 exd5 23. cxd5 Bxd5 24. Red1 Be6 25. Rxd7 Rxd7 26. Rxd7 Bxd7 27.
Qd2 Ne6 28. Nd5 Ba4 29. Ne7+ Kf8 30. Nc8 Qa1 31. Nxa7 Qxa3 32. Qd6+ Kg7 33.
Qxb6 Qa1 34. Nb5 Qb1 35. Nd6 Bc2 36. Kf2 Bd3 37. Bxd3 Qxd3 38. Ne8+ Kh8 39. Qe3
Qc2+ 40. Kg3 Qb2 41. Nd6 Kg8 42. b5 Qb4 43. Qe5 h5 44. h3 Kf8 45. b6 h4+ 46.
Kh2 Qd4 47. f4 Qxe5 48. fxe5 Nd8 49. Ne4 Nb7 50. Ng5 Ke7 51. Kg1 Nd8 52. Kf2
Kd7 53. Nxf7 Nc6 54. Ke3 Ke6 55. Ng5+ Kxe5 56. Nf3+ Kd6 57. Nxh4 Ne7 58. b7 1-0